000 00370nam a22001337a 4500
020 _a978-969-9391-00-2
082 _a297 KHA
100 _aKhan, Mansur Ali
_969509
245 _aDestiny of mankind:islam in 21ST century
260 _aLahore
_bAl-Mansoor Publication
_c2009
300 _a370 P
650 _aDESTINY OF MANKIND:Islam in 21st Century
_969510
942 _cBK
999 _c576756
_d576756